<?xml version="1.0" encoding="UTF-8"?>
<collection xmlns="http://www.loc.gov/MARC21/slim">
 <record>
  <leader>01990nam a2200193Ia 4500</leader>
  <controlfield tag="001">TDMU_31484</controlfield>
  <controlfield tag="008">210410s9999    xx            000 0 und d</controlfield>
  <datafield tag="082" ind1=" " ind2=" ">
   <subfield code="a">361</subfield>
  </datafield>
  <datafield tag="090" ind1=" " ind2=" ">
   <subfield code="b">Đ312</subfield>
  </datafield>
  <datafield tag="100" ind1=" " ind2=" ">
   <subfield code="a">Đinh, Thị Phi Yến</subfield>
  </datafield>
  <datafield tag="245" ind1=" " ind2="0">
   <subfield code="a">Pháp Luật Việt Nam về giao nhận hàng hóa xuất nhập khẩu trong mối tương quan với incoterms</subfield>
  </datafield>
  <datafield tag="245" ind1=" " ind2="0">
   <subfield code="c">Đinh Thị Phi Yến; ThS. Lê Văn Dũng(h.d)</subfield>
  </datafield>
  <datafield tag="260" ind1=" " ind2=" ">
   <subfield code="a">Bình Dương, 2017</subfield>
  </datafield>
  <datafield tag="300" ind1=" " ind2=" ">
   <subfield code="a">67tr</subfield>
  </datafield>
  <datafield tag="520" ind1=" " ind2=" ">
   <subfield code="a">Cơ quan chủ trì: Đại học Thủ Dầu Một; Báo cáo tổng kết đề tài nghiên cứu khoa học của sinh viên tham gia cuộc thi sinh viên nghiên cứu khoa học năm 2016-2017. Xét giải thưởng tài năng khoa học trẻ đại học Thủ Dầu Một năm 2017; Đề tài gồm các chương: Chương 1 Những vấn đề lý luận về giao nhận hàng hóa xuất nhập khẩu; Chương 2. Quy định pháp luật Việt Nam về các điều khoản thương mại quốc tế - international commercial terms về giao nhận hàng hóa xuất nhập khẩu; Chương 3 Thực trạng áp dụng mối tương quan giữa pháp luận Việt Nam và các điều khoản thương mại quốc tế- international commercial terms trong việc điều chỉnh hoạt động giao nhận hàng hóa xuất nhập khẩu tại Việt Nam và kiến nghị nâng cao hiệu quả áp dụng; TLTK  sau phần kết luận</subfield>
  </datafield>
  <datafield tag="650" ind1=" " ind2=" ">
   <subfield code="a">Luật thương mại</subfield>
   <subfield code="x">Xuất khẩu</subfield>
   <subfield code="x">Nhập khẩu</subfield>
   <subfield code="z">Việt Nam; Xuất nhập khẩu</subfield>
   <subfield code="x">Pháp luật Việt Nam</subfield>
   <subfield code="z">Việt Nam; Báo cáo khoa học</subfield>
  </datafield>
  <datafield tag="700" ind1=" " ind2=" ">
   <subfield code="a">Lê Văn Dũng</subfield>
  </datafield>
  <datafield tag="856" ind1=" " ind2=" ">
   <subfield code="u">http://lrc.tdmu.edu.vn/opac/search/detail.asp?aID=2&amp;ID=31484</subfield>
  </datafield>
  <datafield tag="980" ind1=" " ind2=" ">
   <subfield code="a">Trung tâm Học liệu Trường Đại học Thủ Dầu Một</subfield>
  </datafield>
 </record>
</collection>
